Movies by scene #1 - Statistics

General Stats
  • This quiz has been taken 29 times
  • The average score is 5 of 10
Answer Stats
Hint Answer % Correct
Two former inmates reunite on a beach in mexico The Shawshank Redemption
85%
A man and woman participate in a dance contest at a 1950s themed restaurant Pulp Fiction
73%
A 1980s teenager plays the guitar for a 1950s dance Back to the Future
69%
A man murders a police officer, and drug runner in a New York Italian restaurant The Godfather
62%
A high schooler performs a dance routine for his best friends school election speech Napoleon dynamite
50%
Three jail runaways record their hit song at a radio station in mississippi O brother, whereart thou?
50%
A wounded soldier running from an airstrike, falls tohis knees and raises his arms Platoon
50%
Three men destroy a printer Office space
42%
Upset at the result of a game, a hockey coach forceshis team to continue to skate after it's over Miracle
38%
A boy hits a baseball so hard the outside of it comesoff The sandlot
27%
No matching quizzes found
Score Distribution
Percent of People with Each Score
Percentile by Number Answered
Your Score History
You have not taken this quiz